000 00228nam a2200109Ia 4500
008 201217s9999 xx 000 0 und d
100 _aUNESCO
245 0 _aStudy abroad
260 _aParis
_bUNESCO
300 _a1088
942 _cBK
999 _c7795
_d7795